<?xml version="1.0" encoding="UTF-8"?>
<record
    xmlns:xsi="http://www.w3.org/2001/XMLSchema-instance"
    xsi:schemaLocation="http://www.loc.gov/MARC21/slim http://www.loc.gov/standards/marcxml/schema/MARC21slim.xsd"
    xmlns="http://www.loc.gov/MARC21/slim">

  <leader>00662nab a2200193   4500</leader>
  <controlfield tag="001">244442</controlfield>
  <controlfield tag="003">OSt</controlfield>
  <controlfield tag="005">20260413131733.0</controlfield>
  <controlfield tag="007">tu</controlfield>
  <controlfield tag="008">260413s2020|||||||</controlfield>
  <datafield tag="040" ind1=" " ind2=" ">
    <subfield code="a">DE-2950</subfield>
    <subfield code="c">DE-2950</subfield>
  </datafield>
  <datafield tag="245" ind1="0" ind2="0">
    <subfield code="a">"Bunker" hei&#xDF;t jetzt auch so</subfield>
    <subfield code="b">Immobilie. Das Einkaufszentrum an der Heilbronner Stra&#xDF;e hei&#xDF;t jetzt nicht nur im Volksmund "Bunker". Dass der Name an der Fassade auftaucht, hat eine Vorgeschichte/</subfield>
    <subfield code="c">Nicole Buhlau</subfield>
  </datafield>
  <datafield tag="264" ind1=" " ind2=" ">
    <subfield code="c">2026</subfield>
  </datafield>
  <datafield tag="653" ind1=" " ind2=" ">
    <subfield code="a">Frankfurt (O)</subfield>
  </datafield>
  <datafield tag="653" ind1=" " ind2=" ">
    <subfield code="a">Einkaufszentrum</subfield>
  </datafield>
  <datafield tag="653" ind1=" " ind2=" ">
    <subfield code="a">"Bunker"</subfield>
  </datafield>
  <datafield tag="773" ind1="0" ind2=" ">
    <subfield code="g">37. Jahrgang (2026) Nr. 82 vom   09.04.2026 ,  S.  15 mit Foto</subfield>
    <subfield code="t">M&#xE4;rkische Oderzeitung</subfield>
  </datafield>
  <datafield tag="942" ind1=" " ind2=" ">
    <subfield code="2">z</subfield>
    <subfield code="c">A</subfield>
  </datafield>
  <datafield tag="999" ind1=" " ind2=" ">
    <subfield code="c">374371</subfield>
    <subfield code="d">374371</subfield>
  </datafield>
  <datafield tag="952" ind1=" " ind2=" ">
    <subfield code="0">0</subfield>
    <subfield code="1">0</subfield>
    <subfield code="2">z</subfield>
    <subfield code="4">0</subfield>
    <subfield code="7">0</subfield>
    <subfield code="a">StAFF</subfield>
    <subfield code="b">StAFF</subfield>
    <subfield code="c">GEN</subfield>
    <subfield code="d">2026-04-13</subfield>
    <subfield code="l">0</subfield>
    <subfield code="o">Z2</subfield>
    <subfield code="r">2026-04-13 13:17:49</subfield>
    <subfield code="w">2026-04-13</subfield>
    <subfield code="y">A</subfield>
  </datafield>
</record>
